Publikovanie v karentovaných časopisoch ako výzva
Vybrané faktory pre uvedomenie si ako zvýšiť úspešnosť autorov pri publikovaní v uznávaných medzinárodných časopisoch s ekonomickým zameraním.
Salvato in:
| Autore principale: | |
|---|---|
| Natura: | Capitolo di libro |
| Lingua: | slovacco |
| Soggetti: | |
| Tags: |
Nessun Tag, puoi essere il primo ad aggiungerne!!
|
MARC
| LEADER | 00000naa$a2200000$$$4500 | ||
|---|---|---|---|
| 001 | 0090271 | ||
| 005 | 20240702114348.2 | ||
| 041 | 0 | |a slo | |
| 044 | |a SK | ||
| 245 | 1 | 0 | |a Publikovanie v karentovaných časopisoch ako výzva |c Anetta Čaplánová |
| 520 | |a Vybrané faktory pre uvedomenie si ako zvýšiť úspešnosť autorov pri publikovaní v uznávaných medzinárodných časopisoch s ekonomickým zameraním. | ||
| 610 | 2 | 0 | |a časopisy |
| 610 | 2 | 0 | |a veda ekonomická |
| 610 | 2 | 0 | |a výskum |
| 610 | 2 | 0 | |a zdroje informačné elektronické |
| 100 | 1 | |a Čaplánová, Anetta, 1967- | |